01243nam a2200325Ia 4500001001200000003000800012006001900020007001500039008004100054010001700095020001800112020002800130040002100158035002100179050002300200100002000223245007300243260005700316300001700373490003900390504006400429533015200493650001600645650002200661650002200683655002900705710001700734830004000751856012600791ebr10284191CaPaEBRm u cr cn|||||||||010201s2001 nju sb 001 0 eng d z 2001021991 z9780691117201 z0691089035 (alk. paper) aCaPaEBRcCaPaEBR a(OCoLC)36274592914aJC574b.G48 2001eb1 aGeuss, Raymond.10aPublic goods, private goodsh[electronic resource] /cRaymond Geuss. aPrinceton, NJ :bPrinceton University Press,cc2001. aviii, 148 p.1 aPrinceton monographs in philosophy aIncludes bibliographical references (p. 137-144) and index. aElectronic reproduction.bPalo Alto, Calif. :cebrary,d2011.nAvailable via World Wide Web.nAccess may be limited to ebrary affiliated libraries. 0aLiberalism. 0aPolitical ethics. 0aMoral conditions. 7aElectronic books.2local2 aebrary, Inc. 0aPrinceton monographs in philosophy.40uhttp://site.ebrary.com/lib/rucke/Doc?id=10284191zAn electronic book accessible through the World Wide Web; click to view